Film Screenshots 3 - Statistics

General Stats
  • This quiz has been taken 53 times
  • The average score is 9 of 16
Answer Stats
Picture Answer % Correct
Ghostbusters
95%
The Simpsons Movie
93%
Spider-Man
90%
The Dark Knight
83%
The Truman Show
81%
The Nightmare Before Christmas
79%
Ocean's Eleven
71%
Casino Royale
64%
Star Wars a New Hope
64%
Indiana Jones and the Temple of Doom
40%
The Usual Suspects
26%
Bill & Ted's Excellent Adventure
24%
Final Destination
24%
The Hobbit: The Desolation of Smaug
19%
Doc Hollywood
5%
Sneakers
2%
No matching quizzes found
Score Distribution
Percent of People with Each Score
Percentile by Number Answered
Your Score History
You have not taken this quiz